000
00293nam a2200121Ia 4500
005
20251222144855.0
008
251222s9999||||xx |||||||||||||| ||spa||
082
_a
230/R27T
100
_a
Ratzinger, Joseph
245
0
_a
Teoría de los Principios Teológicos
264
_b
Herder
942
_c
LIB
999
_c
21740
_d
21740